Biblioteca y Centro de Documentación

Inmigración y redefinición de la identidad europea (Registro nro. 20520)

Detalles MARC
000 -CABECERA
Longitud fija campo de control 01392nam a2200397 c 4500
001 - NÚMERO DE CONTROL
Número de control 20520
003 - IDENTIFICADOR DE NÚMERO DE CONTROL
Identificador del número de control ES-MaCES
005 - FECHA Y HORA DE LA ÚLTIMA TRANSACCIÓN
Fecha y hora de la última transacción 20221011141325.0
008 - CAMPO FIJO DE DESCRIPCIÓN FIJA--INFORMACIÓN GENERAL
Códigos de información de longitud fija   070906s2006 sp t 000 | spa d
017 ## - NÚMERO DE REGISTRO DE DERECHOS DE AUTOR Y DEPÓSITO LEGAL
Número de copyright o de depósito legal M 29592-2006
Agencia que asigna el número DL
020 ## - ISBN (INTERNATIONAL STANDARD BOOK NUMBER)
Número Internacional Normalizado para Libros (ISBN) 8486117429
035 ## - NÚMERO DE CONTROL DEL SISTEMA
Número de control del sistema CES20070010832m
040 ## - FUENTE DE CATALOGACIÓN
Centro catalogador de origen ES-MaCES
Lengua de catalogación spa
Centro transcriptor ES-MaCES
041 0# - CÓDIGO DE IDIOMA
Código de lengua del texto;banda sonora o título independiente spa
-- eng
100 1# - ENCABEZAMIENTO PRINCIPAL--NOMBRE PERSONAL
Nombre de persona Acosta Arcarazo, Diego
9 (RLIN) 5579
245 10 - MENCIÓN DE TÍTULO
Título Inmigración y redefinición de la identidad europea
Mención de responsabilidad, etc. Diego Acosta Arcarazo
260 ## - PUBLICACIÓN, DISTRIBUCIÓN, ETC (PIE DE IMPRENTA)
Lugar de publicación, distribución, etc. Madrid
Nombre del editor, distribuidor, etc. CEU Ediciones
Fecha de publicación, distribución, etc. [2006]
300 ## - DESCRIPCIÓN FÍSICA
Extensión 25 p.
Dimensiones 30 cm
490 1# - MENCIÓN DE SERIE
Mención de serie Documento de trabajo. Serie Unión Europea
Designación de volumen o secuencia 26-2006
500 ## - NOTA GENERAL
Nota general Resumen en español e inglés
504 ## - NOTA DE BIBLIOGRAFÍA, ETC.
Nota de bibliografía, etc. Bibliografía: p. 22-25
541 ## - NOTA DE LA FUENTE INMEDIANTE DE ADQUISICIÓN
Forma de adquisición Gratuito
650 #4 - ASIENTO SECUNDARIO DE MATERIA--TÉRMINO DE MATERIA
Término de materia o nombre geográfico como elemento inicial inmigración
9 (RLIN) 28632
650 #4 - ASIENTO SECUNDARIO DE MATERIA--TÉRMINO DE MATERIA
Término de materia o nombre geográfico como elemento inicial inmigrante
9 (RLIN) 28631
650 #4 - ASIENTO SECUNDARIO DE MATERIA--TÉRMINO DE MATERIA
Término de materia o nombre geográfico como elemento inicial identidad cultural
9 (RLIN) 29870
650 #4 - ASIENTO SECUNDARIO DE MATERIA--TÉRMINO DE MATERIA
Término de materia o nombre geográfico como elemento inicial discriminación racial
9 (RLIN) 27190
650 #4 - ASIENTO SECUNDARIO DE MATERIA--TÉRMINO DE MATERIA
Término de materia o nombre geográfico como elemento inicial integración social
9 (RLIN) 27283
650 #4 - ASIENTO SECUNDARIO DE MATERIA--TÉRMINO DE MATERIA
Término de materia o nombre geográfico como elemento inicial teoría social
9 (RLIN) 27032
653 10 - TÉRMINO DE INDEXACIÓN--NO CONTROLADO
Término no controlado Ciencias Sociales-Políticas
650 #4 - ASIENTO SECUNDARIO DE MATERIA--TÉRMINO DE MATERIA
9 (RLIN) 26752
Término de materia o nombre geográfico como elemento inicial UE
710 2# - ENCABEZAMIENTO SECUNDARIO--NOMBRE CORPORATIVO
Nombre de entidad o nombre de jurisdicción como elemento inicial Universidad San Pablo CEU
Unidad subordinada Instituto Universitario de Estudios Europeos
Término indicativo de función ed.
9 (RLIN) 5399
830 #0 - ENCABEZAMIENTO SECUNDARIO DE COLECCIÓN--TÍTULO UNIFORME
Título uniforme Documento de trabajo (Universidad San Pablo CEU. Instituto de Estudios Europeos)
Nombre de parte o sección de la obra Serie Unión Europea
Designación de volumen o secuencia 26-2006
9 (RLIN) 34326
902 ## - CES. TIPO DE DOCUMENTO
Tipodoc (006$c Sirtex) DOC Literatura gris
942 ## - ELEMENTOS KOHA
Fuente de clasificaión o esquema Clasificación propia del CES
Koha [por defecto] tipo de item Monografías
Parte de clasificación 7.0.
Existencias
Número de registro Signatura completa Tipo de item de Koha
068897 DOC-7.0.-126 Monografías
© CES, Consejo Económico y Social de España 2021